| 000 | 00506nam a2200193Ia 4500 | ||
|---|---|---|---|
| 999 |
_c1548 _d1548 |
||
| 020 | _a1-85604-004-6 | ||
| 082 | _a025.48 LAN-; | ||
| 100 | _aLancaster, F.W. | ||
| 245 | 0 | _aIndexing and abstracting in theory and practice | |
| 260 |
_aLondon _bLibrary Association _c1991 |
||
| 300 | _a328p. | ||
| 504 | _aIncludes Index | ||
| 650 | _aIndexing | ||
| 650 | _aAutomatic abstracting | ||
| 650 | _aIndexing and abstracting services | ||
| 650 | _aAbstracting | ||
| 650 | _aAutomatic indexing | ||
| 942 | _cBK | ||